000 00257nam a2200109 a 4500
005 20140513081051.0
008 020606s19uu xx 00 eng d
050 _aP 372.7
_bWHA
245 _aWhat comes next?.
650 _aCounting
_xPosters
999 _c116339
_d116339